| 000 | 00365nam a2200133Ia 4500 | ||
|---|---|---|---|
| 008 | 210430s9999 xx 000 0 und d | ||
| 082 | _a660.2815 S639P | ||
| 100 | _aSmith, Carlos A. | ||
| 245 |
_aPrinciples and practice of automatic process control / _cSmith, Carlos A. |
||
| 250 | _a3rd edition | ||
| 260 |
_bWiley _c2006 |
||
| 300 | _a562p. | ||
| 942 |
_cBK _2ddc |
||
| 999 |
_c565358 _d565358 |
||